000 00479nam a2200169Ia 4500
003 LK-CoDNM
005 20240913095905.0
008 010623t1921 xxu||||| |||| 00| 1 eng d
040 _aLK-CoDNM
_dLK-CoDNM
_eLK-CoDNM
041 _aeng
080 _a14
_bC13.1
245 _aThe Green Howards Gazette - January 1921 (The 19 th Foot in Ceylon )
_bVoluem - xxviii (No.322)
260 _b?
_aColombo Museum
_c1921
300 _b14p. : 25 cm
650 _aBattalion
942 _cBK
999 _c90546
_d90546